000 01668nam a22004337a 4500
003 CHAP
005 20220817044351.0
008 100810s2010 mx r 00010 spa d
010 _a99037
011 _a100009
035 _a110695
040 _cCHAP
090 _aTesis
100 1 _aPeña Flores, Maricela.
_986783
245 1 0 _aEvaluación de la sobrevivencia de especies de orquídeas (Dichaea glauca y Encyclia candollei) rescatadas en la construcción de la autopista México- Tuxpan
_c/por Marisela Peña Flores
260 _aChapingo, Méx. :
_bEl autor,
_c2010
300 _ax, 65 h. :
_bilus., cuadros, gráfs., mapas
502 _aTesis (Ing. en Recursos Naturales Renovables) -- UACH. Departamento de Suelos
530 _aTambién disponible en línea
590 _aALEPH
_b10
_c20130110
_lUCH01
_h1535
590 _aBATCH-UPD
_b10
_c20130110
_lUCH01
_h1218
590 _aBATCH-UPD
_b10
_c20130410
_lUCH01
_h0754
590 _aBATCH-UPD
_b10
_c20130914
_lUCH01
_h0852
590 _aBATCH-UPD
_b10
_c20140324
_lUCH01
_h1519
590 _aBATCH-UPD
_b10
_c20141002
_lUCH01
_h0844
590 _aCONVERSION
_b10
_c20130109
_lUCH01
_h1355
650 1 4 _aCarreteras.
_919423
650 1 4 _aConstrucción.
_927383
650 1 4 _aEvaluación.
_938913
650 1 4 _aFlora alpina.
_941317
650 1 4 _aOrquidáceas.
_983723
650 1 4 _aPlantas.
650 1 4 _aViveros forestales.
_9120100
856 _3Finding aid
_uhttp://10.13.5.2/tesis/110695.pdf
_zTeclea aqui
901 _aBK
942 _cFOLL
949 _aTesis
_bBC
_cTES
_d33724002215066
_eTS1
_gDonaciØn
_h50942
_i110695
_sb
949 _aTesis
_bBC
_cTES
_d33724002215108
_eTS2
_fc.2
_gDonaciØn
_h50943
_i110695
_sb
999 _c99037
_d99037